General Culture Quiz- 1 - Statistics

General Stats
  • This quiz has been taken 854 times
  • The average score is 3 of 10
Answer Stats
Question Answer % Correct
What colour is found on 75% of the world’s flags? Red
85%
Which film was the first to be recognised as part of the Marvel Cinematic Universe? Iron Man
56%
What colour are the seats in the House of Commons? Green
48%
What year did Elvis die? 1977
24%
The song 'How Far I'll Go' features in which Disney film? Moana
19%
What is the name of Wendy’s dog in Peter Pan? Nana
16%
What is Queen Elizabeth II's surname? Windsor
14%
Which new British military force was established in 1918? RAF
10%
What year was Heinz established? 1869
6%
Which seaside is home to the longest pier in the UK? Southend-on-Sea
2%
No matching quizzes found
Score Distribution
Percent of People with Each Score
Percentile by Number Answered
Your Score History
You have not taken this quiz